A new concordance of the Bible: (Record no. 5190)

MARC details
000 -LEADER
fixed length control field 01632cam a2200349ua 4500
001 - CONTROL NUMBER
control field 4421624
003 - CONTROL NUMBER IDENTIFIER
control field AUA.1
005 - DATE AND TIME OF LATEST TRANSACTION
control field 20150416204108.0
008 - FIXED-LENGTH DATA ELEMENTS--GENERAL INFORMATION
fixed length control field 840813s1983 is i 000 0 heb d
020 ## - INTERNATIONAL STANDARD BOOK NUMBER
International Standard Book Number 965170098X
035 ## - SYSTEM CONTROL NUMBER
System control number (OCoLC)11049301
035 ## - SYSTEM CONTROL NUMBER
System control number (OCoLC)ocm11049301
035 ## - SYSTEM CONTROL NUMBER
System control number (NNC)4421624
040 ## - CATALOGING SOURCE
Original cataloging agency NNUT
Transcribing agency NNUT
Modifying agency CStRLIN
041 0# - LANGUAGE CODE
Language code of text/sound track or separate title hebeng
090 ## - LOCALLY ASSIGNED LC-TYPE CALL NUMBER (OCLC); LOCAL CALL NUMBER (OCLC)
Classification number (OCLC) (R) ; Classification number, CALL (RLIN) (NR) BS 1121 .N48
Local cutter number (OCLC) ; Book number/undivided call number, CALL (RLIN) C6 1983
245 10 - TITLE STATEMENT
Title A new concordance of the Bible:
Remainder of title Thesaurus of the language of the Bible Hebrew and Aramaic roots, words, proper names phrases and synonyms/
Statement of responsibility, etc Even-Shoshan, Abraham (ed)
250 ## - EDITION STATEMENT
Edition statement [Baker/Ridgefield ed.]
260 ## - PUBLICATION, DISTRIBUTION, ETC. (IMPRINT)
Place of publication, distribution, etc Yerushalayim :
Name of publisher, distributor, etc Kiryat Sefer,
Date of publication, distribution, etc c1983.
300 ## - PHYSICAL DESCRIPTION
Extent 1242 p. ;
Dimensions 25 cm.
500 ## - GENERAL NOTE
General note Includes English language pamphlet inserted at end: Introduction to A new concordance of the Old Testament / John H. Sailhamer.-- Grand Rapids, Mich. : Baker Book House, c1984.-- 37 p. ; 23 cm. [Introductory pamphlet available only with this ed.- jacket.]
500 ## - GENERAL NOTE
General note Ed. statement from jacket.
500 ## - GENERAL NOTE
General note Title on spine: Ḳonḳordantsyah ḥadashah le-Tanakh.
500 ## - GENERAL NOTE
General note Added t.-p.: A new concordance of the Bible.
630 00 - SUBJECT ADDED ENTRY--UNIFORM TITLE
Uniform title Bible.
Name of part/section of a work O.T.
Form subdivision Concordances, Hebrew.
9 (RLIN) 18003
700 ## - ADDED ENTRY--PERSONAL NAME
Personal name Even-Shoshan, Abraham
Relator term editor
9 (RLIN) 49306
740 2# - ADDED ENTRY--UNCONTROLLED RELATED/ANALYTICAL TITLE
Uncontrolled related/analytical title A new concordance of the Bible.
740 0# - ADDED ENTRY--UNCONTROLLED RELATED/ANALYTICAL TITLE
Uncontrolled related/analytical title Ḳonḳordantsyah ḥadashah le-Tanakh.
942 ## - ADDED ENTRY ELEMENTS (KOHA)
Source of classification or shelving scheme Library of Congress Classification
Koha item type Reference Book
Classification part BS 1121 .N48
Item part C6 1983
Holdings
Withdrawn status Lost status Source of classification or shelving scheme Damaged status Not for loan Collection code Home library Current library Shelving location Date acquired Source of acquisition Cost, normal purchase price Serial Enumeration / chronology Full call number Barcode Date last seen Cost, replacement price Price effective from Koha item type
    Library of Congress Classification     Reference Shelves Judith Thomas Library Judith Thomas Library Reference Books 20/12/2011 Donation, Biblical Research Institute 25.00 AUA006059 BS 1121 .N48 C6 1983 AUA006059 20/12/2011 25.00 20/12/2011 Reference Book